01756nam a2200253 i 4500001000700000003000900007005001700016008004100033245009100074260006000165300002200225505095200247650001801199650004201217700001801259700001901277700003901296700003101335700002901366700003301395700003301428700002101461852002001482184073ES-MaACL20251114151652.0150304m19251926fr |||| | fre d00aPatrologia orientalis. nTomus decimus nonus / c[édité par] R. Graffin et F. Nau. aParis : bFirmin-Didot et cie, éditeurs, c1925-1926. a741 p. ; c28 cm.8 aContiene: Le synaxaire arménien de Ter Israël. VI, Mois de Aratz / publié et traduit par le Dr. G. Bayan. - 1925 ; Fasc. 1 John of Ephesus : lives of the eastern Saints. III / syriac text edited and translated by E. W. Brooks. - 1925 ; Fasc. 2 Homélies mariales byzantines. II, VIII. Théodote d'Ancyre. - IX. Chrysippe, prêtre de Jérusalem. - X. S. Jean, Archevêque de Thessalonique. - XI. S. Euthyme, Patriarche de Constantinople. - XII. Nicolas Cabasilas. - XIII. Georges Scholarios / textes grecs édités et traduits en latin par Martin Jugie,.... - 1925 ; Fasc. 3 Logia et Agrapha Domini Jesu apud moslemicos scriptores, asceticos praesertim, usitata. Fasciculus II / collegit, vertit, notis instruxit Michaël Asin et Palacios. - 1926 ; Fasc. 4 Le synaxaire géorgien : rédaction ancienne de l'Union arméno-géorgienne / publié et traduit d'après le manuscrit du couvent Iviron du Mont Athos par N. Marr. - 1926 aPatrística.07aLiteratura cristiana primitiva2embne1 aTer Israël.1 aBayan, George.1 aBrooks, Ernest Walter, d1863-19551 aJugie, Martin, d1878-19540 aAsín Palacios, Miguel.1 aMarr, Nikolaï Iakovlevich.1 aGraffin, René, d1858-19411 aNau, François. aES-MaACLjG-708